Loading...
Privatization: models and experiences /
| Main Author: | |
|---|---|
| Other Authors: | |
| Format: | Printed Book |
| Published: |
New Delhi :
Excel Books ,
2008.
|
| Edition: | 1 / |
| Subjects: |
| LEADER | 00511cam a2200169ua 4500 | ||
|---|---|---|---|
| 020 | |a 978-81-7446-674-7 | ||
| 082 | 1 | 4 | |a 338.925 |b MIS-P |
| 100 | 1 | |a Mishra, R K . | |
| 245 | 1 | 0 | |a Privatization: models and experiences / |
| 250 | |a 1 / | ||
| 260 | |a New Delhi : |b Excel Books , |c 2008. | ||
| 300 | |a 171p. ; | ||
| 650 | 0 | |a Privatization | |
| 700 | 1 | |a Geeta Rani, D . | |
| 942 | |c BK | ||
| 999 | |c 41449 |d 41449 | ||
| 952 | |0 0 |1 0 |4 0 |6 338_925000000000000_MISP |7 0 |9 53239 |a KU |b KU |d 2015-07-05 |l 0 |o 338.925 MIS-P |p MB05174 |r 2015-07-05 |y BK | ||